000 00816cam a22002534a 4500
001 12611300
005 20260318162621.0
008 011206s2003 njua b 001 0 eng
020 _a0130330647
020 _a9780130330642
050 0 0 _aHD31
_b.H542 2003
082 0 0 _a658.4
_221
100 1 _aHodge, Billy J.
245 1 0 _aOrganization theory :
_ba strategic approach /
_cB.J. Hodge, William P. Anthony, Lawrence M. Gales.
250 _a6th ed.
260 _aUpper Saddle River, N.J. :
_bPrentice Hall,
_cc2003.
300 _axiv, 418 p. :
_bill. ;
_c26 cm.
650 0 _aOrganization.
650 0 _aManagement.
700 1 _aAnthony, William P.
700 1 _aGales, Lawrence M.,
_d1950-
856 4 1 _3Table of contents
_uhttp://www.loc.gov/catdir/toc/fy032/2001058794.html
942 _2lcc
_cBK
_e6th ed.
_n0
999 _c9102
_d9102